The basics of cloud computing : (Record no. 600466)

000 -LEADER
fixed length control field 00284nam a2200109Ia 4500
008 - FIXED-LENGTH DATA ELEMENTS--GENERAL INFORMATION
fixed length control field 230907s9999||||xx |||||||||||||| ||und||
082 ## - DEWEY DECIMAL CLASSIFICATION NUMBER
Classification number 4.6782
Author Mark ROU
245 #4 - TITLE STATEMENT
Title The basics of cloud computing :
260 ## - PUBLICATION, DISTRIBUTION, ETC.
Place of publication, distribution, etc. Syngress,; Elsevier,
Name of publisher, distributor, etc. New Delhi :
Date of publication, distribution, etc. 2014
300 ## - PHYSICAL DESCRIPTION
Extent 155 p.
942 ## - ADDED ENTRY ELEMENTS (KOHA)
Koha item type Book
Holdings
Withdrawn status Lost status Damaged status Not for loan Permanent Location Current Location Date acquired Total Checkouts Full call number Barcode Date last seen Date last checked out Price effective from Koha item type
        US-Pakistan Center for Advanced Studies in Energy (USPCAS-E) US-Pakistan Center for Advanced Studies in Energy (USPCAS-E) 11/22/2019 1 004.6782 ROU CAS-E0004565 06/24/2024 04/04/2024 09/12/2023 Book
© 2023 Central Library, National University of Sciences and Technology. All Rights Reserved.